000 00694nam a2200205Ia 4500
003 GCL
008 140319s9999 xx 000 0 ara d
040 _aGCL /
_cGCL
082 0 4 _a817.008
_bق ج
100 1 _aالقيروانى , ابواسحاق ابراهيم
245 1 0 _aجمع الجواهر فى الملح والنوادر /
_cالقيروانى , ابواسحاق ابراهيم
700 1 _aعلى محمد البجاوى
300 _a403 ص
490 _a
650 0 4 _aالادب العربى
650 0 4 _aالاهاجى والفكاهات
650 0 4 _aالنوادرالعربية
650 0 4 _aالادب الشعبى - العالم العربى
942 _2ddc
_cBK
999 _c39157
_d39157